|
|
|
|
| LEADER |
00921nam a2200229 a 4500 |
| 001 |
13506554 |
| 008 |
100609r20062004nyu b 001 0 eng d |
| 010 |
|
|
|a \\2004045669
|
| 020 |
|
|
|a 0521554853 (hbk.)
|
| 020 |
|
|
|a 9780521554855
|
| 040 |
|
|
|a DLC
|c DLC
|d DLC
|d BD-DhAAL
|
| 082 |
0 |
0 |
|a 809/.8968
|2 22
|
| 100 |
1 |
|
|a Heywood, Christopher.
|
| 245 |
1 |
2 |
|a A history of South African literature /
|c Christopher Heywood.
|
| 260 |
|
|
|a New York :
|b Cambridge University Press,
|c 2004 [reprinted 2006].
|
| 300 |
|
|
|a xiv, 296 p. :
|b map ;
|c 24 cm.
|
| 504 |
|
|
|a Includes bibliographical references (p 254-286) and index.
|
| 541 |
1 |
|
|e 00020405
|
| 650 |
|
0 |
|a South African literature
|x History and criticism.
|
| 852 |
4 |
|
|a Ayesha Abed Library
|j General Shelf
|
| 999 |
|
|
|c 8866
|d 8866
|
| 952 |
|
|
|0 0
|1 0
|2 ddc
|4 0
|6 809_896800000000000_HEY_2006
|7 0
|9 10803
|a BRACUL
|b BRACUL
|c GEN
|d 2010-06-09
|l 3
|o 809.8968 HEY
|p 3010020405
|r 2015-04-12
|s 2015-04-05
|t 1
|w 2010-06-09
|y BK
|